<?xml version="1.0" encoding="UTF-8"?>
<record
    xmlns:xsi="http://www.w3.org/2001/XMLSchema-instance"
    xsi:schemaLocation="http://www.loc.gov/MARC21/slim http://www.loc.gov/standards/marcxml/schema/MARC21slim.xsd"
    xmlns="http://www.loc.gov/MARC21/slim">

  <leader>00627nam a2200193Ia 4500</leader>
  <controlfield tag="003">LK-CoDNM</controlfield>
  <controlfield tag="005">20241127152257.0</controlfield>
  <controlfield tag="008">010623t1958    xxu||||| |||| 00| 1 sin d</controlfield>
  <datafield tag="040" ind1=" " ind2=" ">
    <subfield code="a">LK-CoDNM</subfield>
    <subfield code="d">LK-CoDNM</subfield>
    <subfield code="e">LK-CoDNM</subfield>
  </datafield>
  <datafield tag="041" ind1=" " ind2=" ">
    <subfield code="a">sin</subfield>
  </datafield>
  <datafield tag="080" ind1=" " ind2=" ">
    <subfield code="a">294.3:78 </subfield>
    <subfield code="b">PRA</subfield>
  </datafield>
  <datafield tag="245" ind1=" " ind2=" ">
    <subfield code="a">&#xDBA;&#xD9A;&#xDCA;&#xD9A;&#xDAC;&#xDD4;&#xDC0;&#xDDA; &#xDB4;&#xDCA;&#x200D;&#xDBB;&#x200D;&#xDA5;&#xDCF;&#xDBB;&#xDCF;&#xDB8; &#xDAD;&#xDD9;&#xDBB;&#xDD4;&#xDB1;&#xDCA;&#xD9C;&#xDDA; &#xDB7;&#xD9A;&#xDCA;&#xDAD;&#xDD2; &#xD9C;&#xDD3;&#xDAD;-1958</subfield>
  </datafield>
  <datafield tag="246" ind1=" " ind2=" ">
    <subfield code="a">Yakkaduwe Prachnarama Therunge Bhakthi Geeta</subfield>
  </datafield>
  <datafield tag="260" ind1=" " ind2=" ">
    <subfield code="b">&#x200D;&#xD9A;&#xDDA;. &#xD9A;&#xDDA;. &#xDB4;&#xDD4;&#xD82;&#xDA0;&#xDD2; &#xDB6;&#xDAB;&#xDCA;&#xDA9;&#xDCF;</subfield>
    <subfield code="c">1958</subfield>
    <subfield code="a">&#xDAD;&#xDDC;&#xDC5;&#xDB9;</subfield>
  </datafield>
  <datafield tag="300" ind1=" " ind2=" ">
    <subfield code="b">238p. ; 14 cm</subfield>
  </datafield>
  <datafield tag="650" ind1=" " ind2=" ">
    <subfield code="a">1958</subfield>
  </datafield>
  <datafield tag="650" ind1=" " ind2=" ">
    <subfield code="a">Buddhism</subfield>
  </datafield>
  <datafield tag="942" ind1=" " ind2=" ">
    <subfield code="c">BK</subfield>
  </datafield>
  <datafield tag="952" ind1=" " ind2=" ">
    <subfield code="0">0</subfield>
    <subfield code="1">0</subfield>
    <subfield code="4">1</subfield>
    <subfield code="7">0</subfield>
    <subfield code="8">OBC</subfield>
    <subfield code="a">MAIN</subfield>
    <subfield code="b">MAIN</subfield>
    <subfield code="c">REF</subfield>
    <subfield code="d">2024-11-27</subfield>
    <subfield code="l">0</subfield>
    <subfield code="o">294.3:78  PRA</subfield>
    <subfield code="p">OB8972</subfield>
    <subfield code="r">2024-11-27</subfield>
    <subfield code="w">2024-11-27</subfield>
    <subfield code="y">BK</subfield>
  </datafield>
  <datafield tag="999" ind1=" " ind2=" ">
    <subfield code="c">104797</subfield>
    <subfield code="d">104797</subfield>
  </datafield>
</record>
